| 000 | 00440pam a2200157a 44500 | ||
|---|---|---|---|
| 008 | 230515b1998 xxu||||| |||| 00| 0 eng d | ||
| 020 | _a0-540-07888-3 | ||
| 041 | _aENGL | ||
| 082 | _a912 PHI. | ||
| 100 | _a"THE ROYAL GEOGRAPHICAL SOCIETY," | ||
| 245 | _aESSENTIAL WORLD ATLAS | ||
| 250 | _a3 | ||
| 260 |
_aLONDON _bOCTOPUS PUBLISHING GROUP LIMITED _c1998 |
||
| 300 | _aXVI+160 | ||
| 650 | _a"GRAPHIC WORLDS,WORLD GEOGRAPHY,WORLD ATLAS" | ||
| 999 |
_c532868 _d532868 |
||